| 000 | 00964nam0a2200301 4500 | ||
|---|---|---|---|
| 001 | RU\NLR\bibl\291972 | ||
| 005 | 20250620142623.0 | ||
| 010 |
_a5-7905-1385-9 _920000 |
||
| 021 |
_aRU _b2002-6124 _9297 |
||
| 035 | _a(NLR Aleph) 000287333 | ||
| 090 |
_a1682079 _c1682079 |
||
| 100 | _a20020731d2002 |||y0rusy50 ca | ||
| 101 | 0 | _arus | |
| 102 | _aRU | ||
| 105 | _aa ||||||||| | ||
| 200 | 1 | _aЯпонская кухня | |
| 210 |
_aМ. _cРИПОЛ КЛАССИК _d2002 |
||
| 215 |
_a30, [2] с. _cил. _d20 |
||
| 225 | 1 | _aСерия "1000 и один рецепт" | |
| 606 | 0 |
_aКулинарное производство _xЯпонская кухня _91455333 _3RU\NLR\auth\66616986 |
|
| 606 | 0 |
_aЯпонская кухня _92187157 _3RU\NLR\auth\661314960 |
|
| 686 | _aЛ997(3)Японская | ||
| 801 | 0 |
_aRU _bNLR _c20020731 _gPSBO |
|
| 801 | 1 |
_aRU _bNLR _c20020731 |
|
| 942 | _cBOOK | ||
| 980 | _aNB | ||